000
00295nam a22001337a 4500
020
_a
817826351-3
082
_a
823
_b
HAR/W
100
_a
THOMAS HARDY
245
_a
WESSEX TALES
260
_a
DELHI
_b
ROHAN BOOK COMPANY
_c
2003
300
_a
223
650
_a
MODERN ILLUSTRATED CLASSICS
942
_c
BK
999
_c
346
_d
346